1641 1259 1307 1204 1425 1186 1347 1914 1300 1191 1299 1351 1260 1213 1442 1601 1388 1327 1058 1945 1578 1448 1687 1171 1590 1006 1760 1676 1285 1224 1348 1810 1685 1431 1669 1227 1505 1171 1036 1178 1705 1516 1543 1483 1079 1555 1532 1164 1502 1960 1971 1417 1863 1667 1931 1526 1030 1099 1232 1401 1290 1741 1320 1038 1500 1993 1185 1946 1999 1947 1458 1565 1513 1061 1248 1058 1418 1360 1704 1561 1397 1675 1963 1631 1233 1891 1049 1179 1120 1309 1704 1907 1166 1861 1666 1075 1975 1646 1371 BCNSPRNW ULIB Ver.6.0+V

เปลี่ยนเป็นภาษาไทย

Change to English
 แสดงรายละเอียดบรรณานุกรม
  กลับหน้าหลัก

Brief Record : Get Marc (ISO 2709) : E-mail record : QR code < ปิดหน้าต่าง
LEADER : 00000nam 2200000uu 4500
001    13399110383
003     ULIB
008    110429s2548||||th 000 0 tha d
020    974994061X
060  4 WO100^bว548 2548
245 00 เวชศาสตร์ร่วมสมัย 2548 :^bExtreme surgery /^cรัฐพลี ภาคอรรถ,บรรณาธิการ
246 30 Extreme surgery
250    พิมพ์ครั้งที่ 1
260    กรุงเทพฯ :^bโรงพิมพ์แห่งจุฬาลงกรณ์มหาวิทยาลัย,^c2548
300    124 หน้า :^bภาพประกอบ ;^c26 ซม
500    "การประชุมวิชาการประจำปี ครั้งที่ 46 และการอบรมระยะสั้นคณะแพทยศาสตร์ จุฬาลงกรณ์มหาวิทยาลัย และโรงพยาบาลจุฬาลงกรณ์ วันที่ 20-24 มิถุนายน 2548"--หน้าปก
500    "การอบรมระยะสั้นของภาควิชาศัลยศาสตร์"--หน้าปก
504    เอกสารอ้างอิงท้ายบท
650  2 Surgery^xcongresses
700 0  รัฐพลี ภาคอรรถ,^eบรรณาธิการ
710 2  จุฬาลงกรณ์มหาวิทยาลัย.^bคณะแพทยศาสตร์.^bภาควิชาศัลยศาสตร์
945    ^p0^l0^i018000
995    ทศพร
999 ^a ใช้งานได้ทุกระบบ
รายการนี้ยังไม่มีแท็ก
คุณยังไม่ได้ล็อกอิน คุณสามารถมีกิจกรรมร่วมกับเว็บไซต์ได้ แต่ต้องล็อกอินก่อน ::
  ล็อกอิน

รายการสื่อสารสนเทศ

ลำดับที่ ประเภท เลขเรียก/บาร์โค้ด สถานที่ สถานะ
1. วิทยาศาสตร์การแพทย์ และสุขภาพ
วิทยาศาสตร์การแพทย์ และสุขภาพ
สถานะ=หนังสือเก่า
WO100 ว548 2548 ฉ.1 
  Barcode: 018000
ห้องสมุดวิทยาเขตสวรรค์ประชารักษ์
►ส่วนจัดเก็บหนังสือเก่า สปร
บนชั้น
  ขอยืม

BibComment


ยังไม่เคยถูกคอมเมนท์

คอมเมนท์ทรัพยากรรายการนี้
  คอมเมนท์: เวชศาสตร์ร่วมสมัย..


 Copyright 2026. Bcnsprnw @Library